00571nam a2200193Ia 450000500170000000800410001701000150005804000190007304100120009208200190010410000180012324500960014126000420023730000170027950400190029665000190031565100290033485000140036320220803152546.0131103s9999 xx 000 0 und d a19811687 X aLoreto College aEnglish a821.1bCHA-GOR aGordon,Ida L. 4aThe double sorrow of TroilusbA study of ambiguities in Troilus and Criseyde cIda L.Gordon aOxfordbOxford University Pressc1970 aviii,154 p.  aIncludes index aEnglish Poetry aMedieval Poets - Chaucer aLCLIBbPG